01619 a2200169 45000010006000000050017000060080041000230030015000640400040000790800087001192450032002062640080002383000020003185051069003381000019014077000023014263007820260407155611.0260407a1958 arg spa dAR-UNSa-BCEJYS aAR-UNSa-BCEJYSbspacAR-UNSa-BCEJYS a657.474.2xRelaciones entre la contabilidad comercial y la contabilidad de costes 10aManual de control de costos 1aMéxico :bUnión Tipográfica Editorial Hispano-Americana (UTEHA)c1958 a1558 p.c20 cm. a1. Informes,análisis y control - 2. Análisis de las variaciones - 3. Clasificaciones de los costos - 4. El departamento de costos - 5. Organización de los registros de costos - 6. Fijación de los costos estándar - 7. Operación de los costos estándar - 8. Sistemas de costos por órdenes específicas - 9. Sistemas de costos por procesos continuos - 10. Costos de producción conjunta y subproductos - 11. Costos estimados - 12. Compras de materiales - 13. Costos e inventarios de materiales - 14. Desecho,desperdicio y producción defectuosa - 15. Medición del tiempo y nóminas de salarios - 16. Costos de la mano de obra - 17. Acumulación de los gastos indirectos - 18. Distribución de los gastos indirectos - 19. Los gastos indirectos y el costo del producto - 20. Los gastos indirectos y la capacidad normal - 21. Costos de investigación y desarrollo - 22. Activo de fábrica y depreciación - 23. Presupuestos - 24. Las asociaciones de fabricantes y los sistemas uniformes de costos - 25. Métodos estadísticos y matemáticos.1 aLang, Theodore1 aCardenas, Ramon C.